[Event "Julian Borowski B"]
[Site "Essen GER"]
[Date "2000.05.01"]
[Round "5"]
[White "Van der Weide,K"]
[Black "Mainka,R"]
[Result "1-0"]
[WhiteElo "2452"]
[BlackElo "2478"]

1.e4 c5 2.Nf3 d6 3.d4 cxd4 4.Nxd4 Nf6 5.Nc3 Nc6 6.Bg5 e6 7.Qd2 a6 8.O-O-O h6
9.Be3 Be7 10.f4 Bd7 11.Bd3 b5 12.Kb1 b4 13.Nce2 Qc7 14.Ng3 h5 15.h4 Ng4 16.Nxc6 Bxc6
17.f5 Bf6 18.fxe6 fxe6 19.Bf4 Rd8 20.Bc4 Ke7 21.Rhf1 Be8 22.Bxe6 Kxe6 23.Qd5+ Ke7
24.Nf5+ Kf8 25.Bxd6+ Rxd6 26.Qxd6+ Qxd6 27.Rxd6 Bb5 28.Rfd1 Kg8 29.R1d5 Bf1
30.Ng3 Be7 31.Nxf1 Bxd6 32.Rxd6 Kh7 33.Rxa6 Rd8 34.Kc1 Ne3 35.Nxe3  1-0

[Event "New York Open"]
[Site "New York USA"]
[Date "2000.05.07"]
[Round "5"]
[White "Karatorossian,D"]
[Black "Fedorowicz,J"]
[Result "1/2-1/2"]
[WhiteElo "2345"]
[BlackElo "2540"]

1.e4 c5 2.Nf3 Nc6 3.d4 cxd4 4.Nxd4 Nf6 5.Nc3 d6 6.Bg5 e6 7.Qd2 a6 8.O-O-O Bd7
9.f4 b5 10.Nxc6 Bxc6 11.Qe3 Be7 12.e5 Nd5 13.Nxd5 Bxd5 14.Bxe7 Qxe7 15.exd6 Qxd6
16.Bd3 O-O 17.Be4 Rad8  1/2-1/2

[Event "New York Open"]
[Site "New York USA"]
[Date "2000.05.10"]
[Round "8"]
[White "Sarkar,J"]
[Black "Miton,K"]
[Result "0-1"]
[WhiteElo "2316"]
[BlackElo "2425"]

1.e4 c5 2.Nf3 Nc6 3.d4 cxd4 4.Nxd4 Nf6 5.Nc3 d6 6.Bg5 e6 7.Qd2 a6 8.O-O-O Bd7
9.f4 b5 10.Bxf6 gxf6 11.f5 Qb6 12.Nce2 Nxd4 13.Nxd4 e5 14.Ne2 b4 15.Kb1 h5
16.Nc1 Rc8 17.Bd3 a5 18.Qe2 Ke7 19.Bc4 Bh6 20.b3 Be3 21.Rd3 Bc5 22.Rh3 h4
23.Nd3 Bd4 24.Ne1 Bc3 25.Nf3 a4 26.Rd1 axb3 27.cxb3 Rxc4 28.Qxc4 Qf2 29.Nd2 Rc8
30.Qf1 Qa7 31.Nc4 Bd4 32.Qe2 d5 33.Ne3 Bxe3 34.Qxe3 d4 35.Qd2 Rc3 36.Rxh4 Bb5
37.Rh3 Bc6 38.Rxc3 bxc3 39.Qd3 Qa3 40.Qe2 Bxe4+ 41.Ka1 c2 42.Qd2 cxd1=Q+
43.Qxd1 Bxf5 44.h4 Qc5 45.Qd2 Qc3+  0-1

[Event "ch-RUS Women"]
[Site "Elista RUS"]
[Date "2000.05.12"]
[Round "2"]
[White "Saunina,L"]
[Black "Demina,J"]
[Result "1/2-1/2"]
[WhiteElo "2260"]
[BlackElo "2376"]

1.e4 c5 2.Nf3 Nc6 3.d4 cxd4 4.Nxd4 Nf6 5.Nc3 d6 6.Bg5 Bd7 7.Nb3 a6 8.a4 Na5
9.Nxa5 Qxa5 10.Qd2 Rc8 11.Bd3 e6 12.O-O Be7 13.h3 h6 14.Be3 Qc7  1/2-1/2

[Event "Capablanca Mem Premier I"]
[Site "Varadero CUB"]
[Date "2000.05.12"]
[Round "5"]
[White "Garcia Martinez,S"]
[Black "Fiorito,F"]
[Result "1/2-1/2"]
[WhiteElo "2455"]
[BlackElo "2459"]

1.e4 c5 2.Nf3 d6 3.d4 cxd4 4.Nxd4 Nf6 5.Nc3 Nc6 6.Bg5 e6 7.Qd2 Be7 8.O-O-O O-O
9.f4 Nxd4 10.Qxd4 Qa5 11.Bc4 Bd7 12.e5 dxe5 13.Qxe5 Qb4 14.Bb3 Bc6 15.Rd3 Rfd8
16.Rg3 Kf8 17.a3 Qd6 18.Rd1 Qxe5 19.fxe5 Rxd1+ 20.Nxd1 Nd5 21.Bxd5 Bxg5+
22.Rxg5 Bxd5 23.Ne3 Bc6 24.Rg4 Rd8 25.b3 Rd7  1/2-1/2

[Event "ch-RUS Women"]
[Site "Elista RUS"]
[Date "2000.05.16"]
[Round "6"]
[White "Korbut,E"]
[Black "Timurova,L"]
[Result "1-0"]
[WhiteElo "2294"]
[BlackElo "2114"]

1.e4 c5 2.Nf3 d6 3.d4 cxd4 4.Nxd4 Nf6 5.Nc3 Nc6 6.Bg5 e6 7.Qd2 a6 8.O-O-O Bd7
9.f3 Qa5 10.Nb3 Qc7 11.Kb1 b5 12.Bxb5 axb5 13.Nxb5 Qb8 14.Nxd6+ Bxd6 15.Qxd6 Qxd6
16.Rxd6 h6 17.Bh4 g5 18.Bf2 Rb8 19.Rhd1 Rb7 20.e5 Nd5 21.c4 Nxe5 22.cxd5 Ke7
23.Bc5 Kf6 24.Bd4 Kf5 25.Nc5 Rhb8 26.Nxb7 Rxb7 27.Rb6 Rc7 28.d6 Rc8 29.Rb7 Ba4
30.b3 Nc4 31.Rxf7+ Kg6 32.Rg7+ Kh5 33.Bf2 Na3+ 34.Ka1  1-0

[Event "Capablanca Mem Premier I"]
[Site "Varadero CUB"]
[Date "2000.05.16"]
[Round "8"]
[White "Perez,Rod"]
[Black "Garcia Martinez,S"]
[Result "1/2-1/2"]
[WhiteElo "2472"]
[BlackElo "2455"]

1.e4 c5 2.Nf3 d6 3.d4 cxd4 4.Nxd4 Nf6 5.Nc3 Nc6 6.Bg5 e6 7.Qd2 Be7 8.O-O-O O-O
9.f4 Nxd4 10.Qxd4 Qa5 11.Bc4 Bd7 12.Rhe1 Rfd8 13.Bb3 h6 14.Bh4 Qh5 15.Bg3 Bc6  1/2-1/2

[Event "Open"]
[Site "Pula CRO"]
[Date "2000.05.21"]
[Round "6"]
[White "Orak,L"]
[Black "Tukmakov,V"]
[Result "0-1"]
[WhiteElo "2325"]
[BlackElo "2574"]

1.e4 c5 2.Nf3 d6 3.d4 cxd4 4.Nxd4 Nf6 5.Nc3 Nc6 6.Bg5 e6 7.Qd2 a6 8.O-O-O Bd7
9.f4 b5 10.Bxf6 gxf6 11.Kb1 Qb6 12.Nxc6 Bxc6 13.Qe1 O-O-O 14.Bd3 b4 15.Ne2 d5
16.Ng3 dxe4 17.Bxe4 Rxd1+ 18.Qxd1 f5 19.Bxc6 Qxc6 20.Qd4 Rg8 21.Rd1 Be7 22.Qa7 Rd8
23.Rxd8+ Kxd8 24.Qd4+ Ke8 25.Qd2 Qc5 26.Nf1 Qd6 27.Qe2 Bf6 28.c3 bxc3 29.bxc3 Qc5
30.Qxa6 Qxc3 31.Qb5+ Kf8 32.a4 Qe1+ 33.Kc2 Qe4+ 34.Kd1 Qxg2 35.a5 Qf3+ 36.Kc2 Qxf4
37.a6 Qc7+ 38.Kd3 Qd6+ 39.Ke2 Bd4 40.Nd2 Qxh2+ 41.Kd3 Qf2 42.Nc4 e5 43.Qb8+ Kg7
44.Nxe5 Qe3+ 45.Kc2 Bxe5 46.a7 Qf2+ 47.Kd3 Qg3+  0-1

[Event "III Magistral de VRSA"]
[Site "Santo Antonio POR"]
[Date "2000.05.22"]
[Round "3"]
[White "Rocha,S"]
[Black "Damaso,R"]
[Result "1/2-1/2"]
[WhiteElo "2380"]
[BlackElo "2425"]

1.e4 c5 2.Nf3 d6 3.d4 cxd4 4.Nxd4 Nf6 5.Nc3 Nc6 6.Bg5 e6 7.Qd2 a6 8.f3 h6
9.Be3 Nxd4 10.Bxd4 e5 11.Be3 Be6 12.O-O-O Rc8 13.Kb1 Qa5 14.Be2 Rxc3 15.Qxc3 Qxa2+
16.Kc1 Be7 17.Qc7 d5 18.Qb8+ Bd8 19.Bb6 O-O 20.Bxd8 dxe4 21.Qd6 Nd5 22.Qa3 Qxa3
23.bxa3 Nf4 24.Bf1 e3 25.Bc7 e2 26.Bxe2 Nxe2+ 27.Kd2 Bc4 28.Rhe1 Rc8 29.Ba5 Rc5
30.Bb4 Rd5+ 31.Ke3 Nd4 32.Kf2 f6 33.Rd2 Ne6 34.Red1 Rxd2+ 35.Rxd2 Bb5 36.Ke3 h5
37.Bc3 Bc6 38.h4 Nf4 39.Rd8+ Kf7 40.Kf2 Kg6 41.Rh8  1/2-1/2

[Event "Bank Pocztowy Open"]
[Site "Bydgoszcz POL"]
[Date "2000.05.30"]
[Round "3"]
[White "Beshukov,S"]
[Black "Lerner,K"]
[Result "1/2-1/2"]
[WhiteElo "2460"]
[BlackElo "2575"]

1.e4 c5 2.Nf3 d6 3.d4 cxd4 4.Nxd4 Nf6 5.Nc3 Nc6 6.Bg5 e6 7.Qd2 a6 8.O-O-O Nxd4
9.Qxd4 Be7 10.h4 b5 11.f3 Bb7 12.Kb1 Rc8 13.a3 Qc7 14.Qd2 O-O 15.Rh3 Rfd8
16.Bd3 d5 17.exd5 Nxd5 18.Nxd5 Bxd5 19.Bxe7 Qxe7 20.Qg5 f6 21.Qh5 f5 22.g4 Be4
23.gxf5 Bxd3 24.cxd3 Qc5 25.f4 Rd4 26.Qe2 Qxf5 27.Re3 Rxf4 28.Rxe6 h6 29.Re7 Rf2
30.Qe4 Qxe4 31.Rxe4 Rcc2 32.Rb4 Kf7 33.Rg1 Rg2 34.Rxg2 Rxg2 35.a4 bxa4 36.Rxa4 Rh2
37.Ka2 Rh3 38.Rd4 Ke6 39.Kb3 g5 40.hxg5 hxg5 41.Kc3 Kf5 42.Rd6 g4 43.Rxa6 g3
44.Ra1 Kf4 45.b4 g2 46.Rg1 Kf3 47.Kc4 Rh1 48.Rxg2 Kxg2 49.b5 Kf3 50.b6 Ke3
51.Kc5  1/2-1/2

[Event "ch-IND"]
[Site "Mumbai IND"]
[Date "2000.05.31"]
[Round "14"]
[White "Ravi,T"]
[Black "Sandipan,C"]
[Result "1/2-1/2"]
[WhiteElo "2373"]
[BlackElo "2424"]

1.e4 c5 2.Nf3 d6 3.d4 cxd4 4.Nxd4 Nf6 5.Nc3 Nc6 6.Bg5 Bd7 7.Qd2 Nxd4 8.Qxd4 h6
9.Bxf6 gxf6 10.Bc4 Qa5 11.O-O-O Rg8 12.g3 e6 13.Rd3 Be7 14.f4 Rc8 15.Bb3 Qc5
16.Ne2 Qxd4 17.Nxd4 Bd8 18.f5 Ke7 19.fxe6 fxe6 20.Nf5+ exf5 21.Bxg8 fxe4
22.Rd4 f5 23.Bd5 Bb6 24.Rdd1 Be3+ 25.Kb1 b5 26.Rhf1 h5 27.h3 Rc5 28.g4 hxg4
29.hxg4 Rxd5 30.Rxd5 fxg4 31.Re1 Bc6 32.Rxe3 Bxd5 33.Rg3 Be6 34.Kc1 Kf6 35.Kd2 Kf5
36.Ke3 Bxa2 37.Rg1 Bc4 38.Ra1 g3 39.Rxa7 g2 40.Rg7 Bf1 41.b4 Ke5 42.Rg5+ Kf6
43.Rg4 d5 44.c3  1/2-1/2

[Event "Guillermo Garcia Premier II"]
[Site "Santa Clara CUB"]
[Date "2000.06.01"]
[Round "7"]
[White "Dominguez,L"]
[Black "Del Rio Angelis,S"]
[Result "1-0"]
[WhiteElo "2508"]
[BlackElo "2463"]

1.e4 c5 2.Nf3 d6 3.d4 Nf6 4.Nc3 cxd4 5.Nxd4 Nc6 6.Bg5 e6 7.Qd2 a6 8.O-O-O Nxd4
9.Qxd4 Be7 10.f4 b5 11.Bxf6 gxf6 12.e5 d5 13.f5 fxe5 14.Qxe5 Bf6 15.Qg3 Qa5
16.Kb1 b4 17.Nxd5 exd5 18.Qd6 Qd8 19.Re1+ Be7 20.Qf6 Rg8 21.Bd3 Rb8 22.Re2 Kf8
23.Qh6+ Rg7 24.Rxe7 Bxf5 25.Rhe1 Be4 26.Re5 Rb6 27.Qe3 f6 28.Rh5 Re6 29.Qd4 Qb6
30.Qxb6 Rxb6 31.Bxe4 dxe4 32.Rxe4 Rxg2 33.b3 Rc6 34.Rc4 Rxc4 35.bxc4 Kg7
36.c5 Rg4 37.Kb2 Rc4 38.Kb3 Rc3+ 39.Kxb4 Rxc2 40.a4 Kg6 41.Rh4 f5 42.Rc4 a5+
43.Kb5 Rxc4 44.Kxc4 Kf6 45.c6 Ke7 46.Kb5 f4 47.Kb6 f3 48.c7 f2 49.c8=Q f1=Q
50.Qc7+ Kf8 51.Kxa5 Qe1+ 52.Ka6 Qe2+ 53.Ka7 Qe3+ 54.Qb6 Qe7+ 55.Qb7 Qc5+
56.Kb8 Qe5+ 57.Qc7 Qb2+ 58.Kc8 Qg2 59.a5 Qa8+ 60.Kd7 Qe8+ 61.Kd6 Qe2 62.Kc5 h5
63.Kb6 Kg8 64.a6 Qf2+ 65.Kb7 Qf3+ 66.Kb8 Qb3+ 67.Qb7 Qd3 68.Qc8+  1-0

[Event "Open Victor Syre Mem"]
[Site "Issy Les Moulineaux FRA"]
[Date "2000.06.02"]
[Round "2"]
[White "Te Llalemand,R"]
[Black "Aouizerate,R"]
[Result "1-0"]
[WhiteElo "2340"]
[BlackElo "2020"]

1.e4 c5 2.Nf3 d6 3.d4 cxd4 4.Nxd4 Nf6 5.Nc3 Nc6 6.Bg5 e6 7.Qd3 Be7 8.Rd1 a6
9.Be2 Ne5 10.Qg3 Qc7 11.O-O b5 12.f4 Nc4 13.Bxc4 Qxc4 14.e5 Nd5 15.Nxd5 exd5
16.Bxe7 Kxe7 17.Qg5+ Kf8 18.Qd8+  1-0

[Event "Bank Pocztowy Open"]
[Site "Bydgoszcz POL"]
[Date "2000.06.03"]
[Round "6"]
[White "Socko,B"]
[Black "Makarov,M"]
[Result "1/2-1/2"]
[WhiteElo "2556"]
[BlackElo "2513"]

1.e4 c5 2.Nf3 Nc6 3.d4 cxd4 4.Nxd4 Nf6 5.Nc3 d6 6.Bg5 e6 7.Qd2 a6 8.O-O-O Nxd4
9.Qxd4 Be7 10.f3 Qc7 11.Kb1 b5 12.g4 Qc5 13.Be3 Qxd4 14.Bxd4 Bb7 15.a3  1/2-1/2

[Event "ch-IND"]
[Site "Mumbai IND"]
[Date "2000.06.04"]
[Round "18"]
[White "Prasad,D"]
[Black "Sandipan,C"]
[Result "1/2-1/2"]
[WhiteElo "2421"]
[BlackElo "2424"]

1.e4 c5 2.Nf3 d6 3.d4 cxd4 4.Nxd4 Nf6 5.Nc3 Nc6 6.Bg5 Bd7 7.Be2 a6 8.Bxf6 gxf6
9.O-O e6 10.Kh1 Be7 11.f4 Rg8 12.f5 Qb6 13.fxe6 fxe6 14.Bh5+ Kf8 15.Nxc6 Qxc6
16.Qd4 Kg7 17.Rad1 Rad8 18.Rd3 Qc5 19.Rxf6 Qxd4 20.Rf7+ Kh6 21.Rxd4 Rgf8
22.Rxf8 Rxf8 23.Bf3 Bc6 24.Ne2 b5 25.Rd1 e5 26.a3 Bd7 27.Nc3 Be6 28.Nd5 Bxd5
29.Rxd5 Rc8  1/2-1/2

[Event "Jack Collins Int Gp A"]
[Site "New York USA"]
[Date "2000.06.14"]
[Round "3"]
[White "Gross,Dav GER"]
[Black "Kreiman,B"]
[Result "1-0"]
[WhiteElo "2465"]
[BlackElo "2515"]

1.e4 c5 2.Nf3 d6 3.d4 cxd4 4.Nxd4 Nf6 5.Nc3 Nc6 6.Bg5 e6 7.Qd2 Be7 8.O-O-O a6
9.f4 Nxd4 10.Qxd4 b5 11.Bxf6 gxf6 12.f5 Qc7 13.Kb1 Qc5 14.Qd3 Bb7 15.Qh3 b4
16.Na4 Qc6 17.b3 Qxe4 18.fxe6 Qxe6 19.Qg3 Qe5 20.Nb6 Rd8 21.Bc4 f5 22.Nd5 Qxg3
23.hxg3 Kf8 24.Rh5 Bxd5 25.Bxd5 Rg8 26.Rxf5 Rg7 27.Rdf1 f6 28.R1f4 a5 29.a3 Rb8
30.Bf3 Bd8 31.Rd5 bxa3 32.Ka2 Rc7 33.Be4 a4 34.bxa4 Rb4 35.Bd3 Rb2+ 36.Kxa3 Rb1
37.Ka2 Rg1 38.Rb5 Rc8 39.Rb7 Rxg2 40.Rh4 Rxg3 41.Rhxh7 d5 42.Rhf7+  1-0

[Event "Jack Collins Int Gp B"]
[Site "New York USA"]
[Date "2000.06.17"]
[Round "5"]
[White "Shliperman,I"]
[Black "Burnett,R"]
[Result "0-1"]
[WhiteElo "2467"]
[BlackElo "2437"]

1.e4 c5 2.Nf3 Nc6 3.d4 cxd4 4.Nxd4 Nf6 5.Nc3 d6 6.Bg5 e6 7.Qd2 a6 8.O-O-O h6
9.Bxf6 Qxf6 10.Qe3 Qg5 11.f4 Qc5 12.Nce2 Bd7 13.Qd2 Rc8 14.g4 Qa5 15.Nxc6 Qxd2+
16.Rxd2 Bxc6 17.Bg2 g5 18.h4 gxf4 19.Nxf4 Bg7 20.Rf1 Ke7 21.Nd3 Rh7 22.Rdf2 Bd4
23.Re2 Rg7 24.Bf3 Bf6 25.Rh1 Rcg8 26.Rg2 Bd4 27.Rf1 a5 28.Kd2 e5 29.c3 Bb6
30.Re1 f5 31.g5 hxg5 32.hxg5 Rxg5 33.Rh2 R8g7 34.b4 Rg3 35.Bh1 Bb5 36.Nb2 axb4
37.c4 Bd4 38.Kc2 Bc6  0-1

[Event "It"]
[Site "Valjevo YUG"]
[Date "2000.06.17"]
[Round "1"]
[White "Perunovic,Mil"]
[Black "Damljanovic,B"]
[Result "1/2-1/2"]
[WhiteElo "2384"]
[BlackElo "2534"]

1.e4 c5 2.Nf3 Nc6 3.d4 cxd4 4.Nxd4 Nf6 5.Nc3 d6 6.Bg5 e6 7.Qd2 a6 8.O-O-O Bd7
9.f4 b5 10.Bxf6 gxf6 11.Kb1 Qb6 12.Nxc6 Bxc6 13.Qe1 Be7 14.Bd3 h5 15.f5 b4
16.Ne2 e5 17.Ng3 h4 18.Nf1 Qc5 19.Ne3 a5 20.Bc4 Bxe4 21.Bd5 Bxd5 22.Rxd5 Qc6
23.Qe2 Rg8 24.Rhd1 Rg5 25.Nc4 Kf8 26.Qe4 Rc8 27.b3 a4 28.R1d3 axb3 29.cxb3 Kg7
30.Rd2 Qc7 31.Rb5 Rb8 32.Rxb8 Qxb8 33.Ne3 d5 34.Nxd5 Qa7 35.Rc2 Bf8 36.Nxb4 Qg1+
37.Kb2 Bxb4 38.Qxb4 Rxg2 39.Qxh4 Rxc2+ 40.Kxc2 Qg2+ 41.Kc3 Qf3+ 42.Kb4 Qxf5
43.a4 e4 44.Qg3+ Kh7 45.a5 Qe6 46.a6 Qxa6 47.Qh4+ Kg7 48.Qxe4 Qd6+ 49.Kc4 Qxh2
50.b4 Qc7+ 51.Kb3 Qd7  1/2-1/2

[Event "11th Open"]
[Site "Ljubljana SLO"]
[Date "2000.06.23"]
[Round "7"]
[White "Breznik,K"]
[Black "Grosar,K"]
[Result "0-1"]
[WhiteElo "2105"]
[BlackElo "2211"]

1.e4 c5 2.Nf3 d6 3.d4 cxd4 4.Nxd4 Nf6 5.Nc3 Nc6 6.Bg5 e6 7.Qd2 a6 8.O-O-O Bd7
9.f4 b5 10.Qe1 Nxd4 11.Rxd4 Qb6 12.Qd2 b4 13.Nd1 a5 14.Ne3 Bc6 15.Nc4 Qc5
16.Nxd6+ Bxd6 17.Rxd6 Bxe4 18.Rd4 Bd5 19.Bxf6 gxf6 20.Kb1 Ke7 21.Be2 Ra7
22.Rd1 Rd8 23.g3 Rad7 24.b3 Rd6 25.Kb2 Ke8 26.c4 bxc3+ 27.Qxc3 Qb6 28.Bc4 Rc8
29.Qd2 Rc5 30.f5 a4 31.fxe6 fxe6 32.Qh6 Rxc4 33.Rxc4 Bxc4 34.Rxd6 Qxd6 35.Qh5+ Kf8
36.bxc4 Qb4+ 37.Ka1 Qxc4 38.Qh6+ Kg8 39.Kb2 Qb4+ 40.Kc2 Qd4 41.Qh5 Kg7 42.Qe8 Qc4+
43.Kb2 Qb4+ 44.Kc2 e5 45.Qd7+ Kg6 46.Qe8+ Kh6 47.Qf7 Qc5+ 48.Kd3 Qd4+ 49.Ke2 Qg4+
50.Ke3 Qg5+ 51.Kf2 Qf5+ 52.Ke3 e4 53.Qf8+ Kh5 54.Qe8+ Kg4 55.Qxa4 Qf3+ 56.Kd4 Qd3+
57.Kc5 Kf3 58.Qa8 Kf2 59.Qb8 e3 60.Qb2+ e2 61.Qxf6+ Kg1  0-1

[Event "It"]
[Site "Valjevo YUG"]
[Date "2000.06.23"]
[Round "7"]
[White "Perunovic,Mil"]
[Black "Vuckovic,Bo"]
[Result "0-1"]
[WhiteElo "2384"]
[BlackElo "2427"]

1.e4 c5 2.Nf3 d6 3.d4 cxd4 4.Nxd4 Nf6 5.Nc3 Nc6 6.Bg5 e6 7.Qd2 a6 8.O-O-O Be7
9.Nb3 b5 10.Bxf6 gxf6 11.f4 Na5 12.Nxa5 Qxa5 13.Kb1 Bb7 14.Bd3 O-O-O 15.Nd5 Qxd2
16.Nxe7+ Kd7 17.Rxd2 Kxe7 18.Re1 h5 19.Re3 h4 20.c4 bxc4 21.Bxc4 Rhg8 22.g3 hxg3
23.hxg3 Rc8 24.Be2 Rh8 25.Bf3 Rh3 26.Bg4 Rh1+ 27.Rd1 Rh2 28.Rc1 Rxc1+ 29.Kxc1 Rg2
30.Be2 a5 31.Bd1 Kd7 32.Bc2 Kc7 33.Rc3+ Kb6 34.Rb3+ Ka6 35.Ra3 Rg1+ 36.Kd2 Rg2+
37.Kc1 Bc6 38.b4 Kb5 39.bxa5 Kb4 40.Re3 Kxa5 41.Kd1 Bb5 42.a3 d5 43.exd5 exd5
44.Re7 d4 45.Rxf7 d3 46.Bxd3 Bxd3 47.Rxf6 Kb5 48.Rf8 Kc4 49.Rc8+ Kd4 50.Rd8+ Ke3
51.Kc1 Rc2+ 52.Kd1 Rc7 53.Re8+ Be4 54.a4 Rd7+ 55.Kc1 Rb7  0-1

[Event "Rapid Tournament g/30"]
[Site "Herford GER"]
[Date "2000.06.25"]
[Round "10"]
[White "Koscielski,J"]
[Black "Epishin,V"]
[Result "1-0"]
[WhiteElo "2330"]
[BlackElo "2667"]

1.e4 c5 2.Nf3 d6 3.d4 cxd4 4.Nxd4 Nf6 5.Nc3 Nc6 6.Bg5 Bd7 7.Qd2 Rc8 8.f3 h6
9.Be3 a6 10.O-O-O b5 11.Kb1 e6 12.g4 Ne5 13.Bd3 g6 14.h4 Bg7 15.Nce2 Nc4
16.Bxc4 bxc4 17.Nc3 Rb8 18.Ka1 Qa5 19.Nde2 Qb4 20.Rb1 d5 21.e5 Ng8 22.f4 Ne7
23.h5 g5 24.fxg5 hxg5 25.Bxg5 Bxe5 26.Bf4 f6 27.g5 Nf5 28.gxf6 Bxf6 29.Bxb8 Qxb8
30.h6 Rh7 31.Nxd5 exd5 32.Qxd5 Kf8 33.Qxc4 Qb5 34.Qe4 Re7 35.Qf4 Qxe2 36.h7 Bh8
37.Rbg1 Be6 38.Qg5 Bxb2+ 39.Kb1 Bxa2+ 40.Kxa2 Ke8 41.Qxf5 Bg7  1-0

[Event "VII Open"]
[Site "Linares CHI"]
[Date "2000.06.26"]
[Round "8"]
[White "Vasquez,R"]
[Black "Rios,Ad"]
[Result "1-0"]
[WhiteElo "2445"]
[BlackElo "2143"]

1.e4 c5 2.Nf3 Nc6 3.d4 cxd4 4.Nxd4 Nf6 5.Nc3 d6 6.Bg5 e6 7.Qd2 a6 8.O-O-O h6
9.Be3 Be7 10.f3 Qc7 11.Kb1 Bd7 12.h4 Ne5 13.g4 O-O-O 14.Qf2 Rde8 15.Be2 g6
16.Nb3 Bd8 17.Rd4 Nc6 18.Rd2 Ne7 19.Bf4 e5 20.Be3 Qc6 21.Rhd1 Bc7 22.Nc1 Be6
23.g5 Nd7 24.a3 hxg5 25.hxg5 Nb6 26.N1a2 Bxa2+ 27.Nxa2 Nc4 28.Bxc4 Qxc4 29.Rd3 Nc6
30.Nc3 Ne7 31.b3 Qc6 32.Na2 Kb8 33.Nb4 Qd7 34.c4 Qh3 35.Bb6 Rd8 36.Bxc7+ Kxc7
37.Rxd6 Nc6 38.Rxc6+  1-0

[Event "AKN Open"]
[Site "Haarlem NED"]
[Date "2000.07.02"]
[Round "5"]
[White "Nijboer,F"]
[Black "Blokhuis,J"]
[Result "1/2-1/2"]
[WhiteElo "2540"]
[BlackElo "2240"]

1.e4 c5 2.Nf3 Nc6 3.d4 cxd4 4.Nxd4 Nf6 5.Nc3 d6 6.Bg5 e6 7.Qd2 Be7 8.O-O-O Nxd4
9.Qxd4 O-O 10.f4 Qa5 11.Be2 Rd8 12.Kb1 Bd7 13.Rd3 Bc6 14.Rf1 h6 15.Bh4 b5
16.Rg3 Kf8 17.Rxg7 Kxg7 18.Rf3 Rg8 19.Bxf6+ Kf8 20.Rd3 Qc7 21.g4 Bxf6 22.Qxf6 b4
23.Qxh6+ Ke7 24.Nd5+ exd5 25.exd5 Bd7 26.Re3+ Kd8 27.Qf6+ Kc8 28.Qxf7 Qd8
29.Re4 a5 30.Rc4+ Kb7 31.Qh7 Rc8 32.Rxc8 Qxc8 33.g5 Re8 34.Qd3 Qc5 35.b3 Bf5
36.Qxf5 Rxe2 37.Qd3 Rxh2 38.g6 Qc3 39.Qb5+ Kc8 40.Qa6+ Kd7 41.Qb5+ Kd8 42.Qb8+ Kd7  1/2-1/2

[Event "ch-SCCF"]
[Site "Los Angeles USA"]
[Date "2000.07.08"]
[Round "2"]
[White "Davis,T"]
[Black "Van Buskirk,C"]
[Result "1/2-1/2"]
[WhiteElo "2242"]
[BlackElo "2335"]

1.e4 c5 2.Nf3 d6 3.d4 cxd4 4.Nxd4 Nf6 5.Nc3 Nc6 6.Bg5 e6 7.Qd2 Be7 8.f4 Nxd4
9.Qxd4 O-O 10.O-O-O Qa5 11.Rd3 e5 12.Qg1 exf4 13.Bxf4 Be6 14.a3 Nxe4 15.Nxe4 Qe1+
16.Rd1 Qxe4 17.Qf2 d5 18.Bd3 Qa4 19.Be5 Rad8 20.Rhe1 Bg5+ 21.Kb1 a6 22.h4 Qxh4
23.Qb6 Qg4 24.Qxb7 Bc8 25.Qa7 h6 26.b4 Rd7 27.Qc5 Be7 28.Qc3 Bb7 29.Rf1 d4
30.Qe1 g6 31.Rf4 Qxg2 32.Rxd4 Rxd4 33.Bxd4 Qg5 34.Qf2 Qh4 35.Qg1 Qg5 36.Qh2 Bf6
37.Rg1 Qh4 38.Qxh4 Bxh4 39.Bxg6 Bg5 40.Bd3 f5 41.Kb2 f4 42.c4 f3 43.c5 f2
44.Rf1 Bh4 45.Bc4+ Kh7 46.Bd3+ Kg8 47.a4 Bg3 48.Bc4+ Kh7 49.Bd3+ Kg8 50.Bc4+ Kh7
51.Bd3+  1/2-1/2

[Event "t-EuCh U18 Girls"]
[Site "Balatonlelle HUN"]
[Date "2000.07.10"]
[Round "2"]
[White "Paehtz,E"]
[Black "Gara,A"]
[Result "1-0"]
[WhiteElo "2343"]
[BlackElo "2291"]

1.e4 c5 2.Nf3 d6 3.d4 cxd4 4.Nxd4 Nf6 5.Nc3 Nc6 6.Bg5 e6 7.Qd2 a6 8.O-O-O Bd7
9.f3 Be7 10.h4 h6 11.Be3 Qc7 12.Kb1 Ne5 13.g4 b5 14.Bd3 g6 15.g5 Nh5 16.gxh6 b4
17.Nce2 Nxd3 18.cxd3 e5 19.Nc2 a5 20.d4 Bb5 21.Rhg1 Rb8 22.Ng3 Nxg3 23.Rxg3 Bxh4
24.Rg2 Be7 25.Bg5 Bc4 26.Ne3 Be6 27.dxe5 dxe5 28.Nd5 Bxd5 29.Qxd5 Rd8 30.Qb5+ Kf8
31.Rxd8+ Qxd8 32.Rd2 Qe8 33.Bxe7+  1-0

[Event "10th It"]
[Site "Lippstadt GER"]
[Date "2000.07.11"]
[Round "6"]
[White "Luther,T"]
[Black "Brenke,A"]
[Result "1/2-1/2"]
[WhiteElo "2547"]
[BlackElo "2357"]

1.e4 c5 2.Nf3 d6 3.d4 cxd4 4.Nxd4 Nf6 5.Nc3 Nc6 6.Bg5 e6 7.Qd2 Qb6 8.Nb3 Be7
9.O-O-O O-O 10.Bd3 Bd7 11.Kb1 Rfc8 12.f3 Be8 13.Be3 Qc7 14.g4 Ne5 15.g5 Nfd7
16.Nb5 Qb8 17.f4 Nxd3 18.cxd3 Nc5 19.Nc3 Nxb3  1/2-1/2

[Event "ch-NOR"]
[Site "Asker NOR"]
[Date "2000.07.12"]
[Round "6"]
[White "Lie,K"]
[Black "Gabrielsen,S"]
[Result "0-1"]
[WhiteElo "2227"]
[BlackElo "2272"]

1.e4 c5 2.Nf3 Nc6 3.d4 cxd4 4.Nxd4 Nf6 5.Nc3 d6 6.Bg5 e6 7.Qd2 a6 8.O-O-O h6
9.Be3 Bd7 10.f4 Be7 11.Kb1 b5 12.Bd3 Qb8 13.h3 Qb7 14.g4 Nxd4 15.Bxd4 Bc6
16.Rhe1 b4 17.Ne2 Nxe4 18.Bxe4 Bxe4 19.Ng3 Bf3 20.Rc1 Rg8 21.Re3 Kf8 22.Nh5 a5
23.Qd3 Bd5 24.c4 bxc3 25.Qxc3 f6 26.g5 hxg5 27.fxg5 e5 28.gxf6 gxf6 29.Rf1 Bf7
30.Nxf6 Bxf6 31.Qa3 Qe7 32.Ref3 Rg6 33.Bc3 Kg7 34.h4 Bd5 35.R3f2 Bxh4 36.Rd2 Be4+
37.Ka1 Re8 38.Rfd1 d5 39.Qxa5 d4 40.Bb4 Qb7 41.Rh2 Bf6 42.a3 Bd5 43.Be1 Qb3  0-1

[Event "It"]
[Site "Techirghiol ROM"]
[Date "2000.07.12"]
[Round "10"]
[White "Burnoiu,C"]
[Black "Raceanu,V"]
[Result "0-1"]
[WhiteElo "2266"]
[BlackElo "2277"]

1.e4 c5 2.Nf3 Nc6 3.d4 cxd4 4.Nxd4 Nf6 5.Nc3 d6 6.Bg5 e6 7.Qd2 Be7 8.O-O-O Nxd4
9.Qxd4 O-O 10.f4 Qa5 11.Kb1 Rd8 12.Be2 h6 13.Bh4 e5 14.Qf2 exf4 15.Nd5 Nxd5
16.Rxd5 Bxh4 17.Qxh4 Qb6 18.Qxf4 Be6 19.Rb5 Qa6 20.b3 Bd7 21.a4 Rac8 22.Rf1 f6
23.Qg3 Bxb5 24.Bxb5 Qa5 25.Rxf6 Qd2 26.Bd3 Qd1+ 27.Ka2 Rxc2+ 28.Bxc2 Qxc2+
29.Ka3 Qc1+ 30.Ka2 Qd2+ 31.Ka3 Rc8 32.Rf2 Qd4 33.Qf4 a5 34.Ka2 Rc5 35.Rd2 Qb4
36.Rf2 b5 37.Qd2 Qxe4 38.Qxd6 Rc2+ 39.Rxc2 Qxc2+ 40.Ka1 bxa4 41.Qd5+ Kh7
42.bxa4 Qxa4+ 43.Kb2 Qg4 44.Ka3 Qb4+ 45.Ka2 Qb6 46.Ka3 Kg6 47.Qe4+ Kf6 48.Qf4+ Ke6
49.Qg4+ Kf7 50.Qf4+ Ke8 51.Qe5+ Kf8 52.Qf5+ Kg8 53.Qd5+ Kh8 54.Qd8+ Kh7 55.Qd3+ Qg6
56.Qd5 Qc2 57.Qxa5 Qxg2 58.Qf5+ Qg6 59.Qe5 Qf6 60.Qe4+ Kg8 61.Qe8+ Qf8+ 62.Qxf8+ Kxf8
63.Kb4 Ke7 64.Kc4 Ke6 65.Kd4 Kf5 66.Ke3 Kg4 67.Kf2 Kh3 68.Kg1 h5 69.Kh1 h4
70.Kg1 g6 71.Kh1 g5 72.Kg1 g4 73.Kh1 g3  0-1

[Event "t-EuCh U18"]
[Site "Balatonlelle HUN"]
[Date "2000.07.13"]
[Round "5"]
[White "Kristjansson,S"]
[Black "Geanta,H"]
[Result "1-0"]
[WhiteElo "2281"]
[BlackElo "2232"]

1.e4 c5 2.Nf3 Nc6 3.d4 cxd4 4.Nxd4 Nf6 5.Nc3 d6 6.Bg5 e6 7.Qd2 a6 8.O-O-O Bd7
9.f4 b5 10.Bxf6 gxf6 11.Kb1 Qb6 12.Nxc6 Bxc6 13.Bd3 h5 14.Rhf1 O-O-O 15.Qe1 Be7
16.Nd5 exd5 17.exd5 Bxd5 18.Qxe7 Bxg2 19.Rfe1 Bf3 20.Rc1 d5 21.Qxf7 Rhf8
22.Qh7 Rfe8 23.Rxe8 Rxe8 24.Bg6 Re2 25.Bxh5 Bxh5 26.Qxh5 Qe3 27.a3 Re1 28.Qf5+ Kb8
29.Rxe1 Qxe1+ 30.Ka2 Qf2 31.Qxf6 Ka7 32.h4 Qxc2 33.Qd4+ Kb7 34.Qxd5+ Ka7
35.f5 Qf2 36.h5 Qh4 37.Qd7+ Kb6 38.Qe6+ Kc5 39.h6 b4 40.Qc8+ Kd5 41.Qg8+  1-0

[Event "t-EuCh U18 Girls"]
[Site "Balatonlelle HUN"]
[Date "2000.07.13"]
[Round "5"]
[White "Moshina,C"]
[Black "Dembo,Y"]
[Result "0-1"]
[WhiteElo "2191"]
[BlackElo "2322"]

1.e4 c5 2.Nf3 Nc6 3.d4 cxd4 4.Nxd4 Nf6 5.Nc3 d6 6.Bg5 e6 7.Qd2 Be7 8.O-O-O O-O
9.f3 Nxd4 10.Qxd4 Qa5 11.Be3 Rd8 12.Bc4 Bd7 13.g4 b5 14.Bb3 b4 15.Nb1 Ba4
16.g5 Bxb3 17.axb3 Nd7 18.h4 Nc5 19.Kd2 d5 20.e5 Ne4+ 21.Ke1 Bc5 22.Qd3 Ng3
23.Rh2 Nf5 24.Bc1 Bb6 25.h5 Qc5 26.Qf1 Ne3 27.Bxe3 Qxe3+ 28.Qe2 Qg1+ 29.Kd2 Qxg5+
30.Kd3 Qf5+ 31.Kd2 Qf4+ 32.Ke1 Bc7 33.h6 Qxe5 34.Rg2 g6  0-1

[Event "Chesswise International"]
[Site "Stratton Mountain USA"]
[Date "2000.07.13"]
[Round "5"]
[White "Sadvakasov,D"]
[Black "Atalik,S"]
[Result "1/2-1/2"]
[WhiteElo "2509"]
[BlackElo "2549"]

1.e4 c5 2.Nf3 d6 3.d4 cxd4 4.Nxd4 Nf6 5.Nc3 Nc6 6.Bg5 e6 7.Qd2 a6 8.O-O-O h6
9.Bf4 Bd7 10.Nxc6 Bxc6 11.Qe1 Be7 12.h4 Qc7 13.f3 b5 14.Bd3 Nd7 15.Qg3 g6
16.Kb1 b4 17.Ne2 e5 18.Be3 Nf6 19.h5 Nxh5 20.Qf2 a5 21.g4 Nf6 22.Bxh6 d5
23.Ng3 O-O-O 24.Be3 d4 25.Bd2 Kb7 26.Qe2 Nd7 27.Bc4 f6 28.Bf7 g5 29.Bc4 Nb6
30.Ba6+ Ka7 31.Nf5 Bc5 32.b3 Nc8 33.Bc4 Nd6 34.Nxd6 Bxd6 35.Qg2 Qg7 36.Rh5 Rdf8
37.Rdh1 Be8 38.R5h3 Kb6 39.Qh2 Rxh3 40.Qxh3 a4 41.Qh7 Qxh7 42.Rxh7 a3 43.Kc1 Bc6
44.Kd1 Bc5 45.Ke2 Rd8 46.Rh6 Rd6 47.Rh8 Kc7 48.Rh6 Kb6 49.Rh8 Kc7 50.Kd3 Bd7
51.Rh7 Kb6 52.Ke2  1/2-1/2

[Event "t-EuCh U18"]
[Site "Balatonlelle HUN"]
[Date "2000.07.14"]
[Round "6"]
[White "Bokros,A"]
[Black "Langheinrich,F"]
[Result "1/2-1/2"]
[WhiteElo "2479"]
[BlackElo "2384"]

1.e4 c5 2.Nf3 d6 3.d4 cxd4 4.Nxd4 Nf6 5.Nc3 Nc6 6.Bg5 e6 7.Qd2 a6 8.O-O-O Bd7
9.f4 h6 10.Bh4 g5 11.fxg5 Ng4 12.Be2 Nge5 13.Nf3 Be7 14.Rhg1 b5 15.Rdf1 Rc8
16.Kb1 Ng6 17.Bg3 hxg5 18.Bxd6 g4 19.Bxe7 Qxe7 20.Ne1 Nce5 21.h3 gxh3 22.gxh3 Rxh3
23.Nf3 Nxf3 24.Rxf3 Rxf3 25.Bxf3 Rc5 26.Ne2 Qf6 27.Qe3  1/2-1/2